Vista normal
Vista MARC
- Madrid (Comunidad Autónoma)
Entrada Nombre corporativo
Número de registros utilizados en: 1
001 - NÚMERO DE CONTROL
- campo de control: 2013
003 - IDENTIFICADOR DEL NÚMERO DE CONTROL
- campo de control: ES-MaFIAP
005 - FECHA Y HORA DE LA ÚLTIMA TRANSACCIÓN
- campo de control: 20231211094100.0
008 - DATOS DE LONGITUD FIJA
- campo de control de longitud fija: 231211|| aca||aabn | a|a d
040 ## - FUENTE DE LA CATALOGACIÓN
- Centro catalogador/agencia de origen: ES-MaFIAP
- Centro/agencia transcriptor: ES-MaFIAP
110 ## - ENCABEZAMIENTO-NOMBRE DE ENTIDAD CORPORATIVA
- Nombre de entidad corporativa o nombre de jurisdicción como elemento de entrada: Madrid (Comunidad Autónoma)
- Unidad subordinada: Consejería de Sanidad y Consumo
670 ## - FUENTE DE DATOS ENCONTRADOS
- Cita de la fuente: Work cat.: (ES-MaFIAP)762: Madrid (Comunidad Autónoma) Consejería de Sanidad y Consumo, Plan de detección precoz de Hipoacusia en recién nacidos en la Comunidad de Madrid, 2006-2007 , 2006?]





